[Event "Êîìàíäíîå ïåð-âî ÐÔ 2012 ã. ïî êëàññè÷åñêèì øàõìàòàì "]
[Site "Ðûáèíñê"]
[Date "2012.08.06"]
[Round "5.171"]
[White "Âåêëè÷ Èãîðü"]
[Black "Ïîëîñèí Åâãåíèé"]
[Result "0-1"]
[WhiteElo "1783"]
[BlackElo "2065"]
[Annotator ""]
[Source ""]
[Remark ""]

1.e4 e5 2.Nf3 Nc6 3.Bc4 Bc5 4.c3 Nf6 5.d3 h6 6.Bb3 d6 7.Nbd2
Ng4 8.O-O a5 9.h3 Nf6 10.Re1 g5 11.Nf1 g4 12.hxg4 Bxg4 13.Ne3
Rg8 14.Nxg4 Nxg4 15.Be3 Qf6 16.d4 Bb6 17.Ba4 Qg6 18.Nh4 Qh5 19.Nf3
Nxe3 20.fxe3 O-O-O 21.Bxc6 bxc6 22.b4 a4 23.Rf1 Qg4 24.Qe2 Qxe4
25.Rfe1 Kb7 26.c4 exd4 27.c5 d3 28.Nd2 dxc5 29.bxc5 Bxc5 30.Rab1+
Bb6 31.Rb4 Qe7 32.Rxa4 Bxe3+ 0-1

[Event "Êîìàíäíîå ïåð-âî ÐÔ 2012 ã. ïî êëàññè÷åñêèì øàõìàòàì "]
[Site "Ðûáèíñê"]
[Date "2012.08.06"]
[Round "5.172"]
[White "Õàæèïîâ Òèìóð "]
[Black "Ïðèïîëçèí Àíòîí "]
[Result "1-0"]
[WhiteElo "2107"]
[BlackElo "1688"]
[Annotator ""]
[Source ""]
[Remark ""]

1.e4 d5 2.exd5 Qxd5 3.Nc3 Qd8 4.d4 g6 5.Be3 Bg7 6.Qd2 Nf6 7.h3
Nc6 8.O-O-O Nb4 9.Bc4 Nbd5 10.Nxd5 Nxd5 11.Bh6 O-O 12.h4 Nf6
13.h5 Bf5 14.hxg6 Bxg6 15.Bxg7 Kxg7 16.Qh6+ Kg8 17.Nf3 b5 18.Bb3
a5 19.a3 a4 20.Ba2 b4 21.Ne5 b3 22.cxb3 Qd5 23.Nxg6 fxg6 24.Rd3
Rf7 25.Kb1 Qf5 26.Qh3 Qxh3 27.Rdxh3 Kg7 28.bxa4 Rff8 29.Bb3 Rfd8
30.Rc1 Ra7 31.Rhc3 Rb7 32.Ka2 Rdb8 33.R1c2 Rb6 34.a5 Rb5 35.a6
Ra5 36.Rxc7 Rxa6 37.Rxe7+ Kh6 38.Re6 Rxe6 39.Bxe6 Rb6 40.d5 Rb8
41.b4 Ne4 42.Kb3 Nd6 43.a4 Kg5 44.b5 Kf6 45.f4 h5 46.Kb4 Rb7
47.Rc5 Ne4 48.Rc6 Ke7 49.b6 Kf8 50.Rc8+ Ke7 51.Rc7+ Kd6 52.Rxb7
Nc5 53.Rg7 h4 54.Kb5 1-0

[Event "Êîìàíäíîå ïåð-âî ÐÔ 2012 ã. ïî êëàññè÷åñêèì øàõìàòàì "]
[Site "Ðûáèíñê"]
[Date "2012.08.06"]
[Round "5.173"]
[White "Ìèíååâ Ñòàíèñëàâ "]
[Black "Ïàíîâ Ìàêñèì "]
[Result "0-1"]
[WhiteElo "1716"]
[BlackElo "2091"]
[Annotator ""]
[Source ""]
[Remark ""]

1.e4 c5 2.Nf3 d6 3.d4 cxd4 4.Nxd4 Nf6 5.Nc3 g6 6.Be3 Bg7 7.f3
O-O 8.Qd2 Nc6 9.O-O-O d5 10.exd5 Nxd5 11.Nxc6 bxc6 12.Bd4 e5
13.Bc5 Be6 14.Bc4 Qh4 15.Bxd5 cxd5 16.Nxd5 Bh6 17.Be3 Bg7 18.Kb1
Rab8 19.Bxa7 Rb7 20.Bc5 Rc8 21.Qf2 Qc4 22.Ne7+ Rxe7 23.Bxe7 Qxa2+
24.Kc1 Bh6+ 0-1

[Event "Êîìàíäíîå ïåð-âî ÐÔ 2012 ã. ïî êëàññè÷åñêèì øàõìàòàì "]
[Site "Ðûáèíñê"]
[Date "2012.08.06"]
[Round "5.191"]
[White "Ïåòðîâ Àíòîí "]
[Black "Àâàêÿí Àðìåí "]
[Result "1/2-1/2"]
[WhiteElo "1627"]
[BlackElo "1815"]
[Annotator ""]
[Source ""]
[Remark ""]

1.e4 c5 2.Nf3 d6 3.d4 cxd4 4.Nxd4 Nf6 5.Nc3 a6 6.Be3 e6 7.Be2
Be7 8.O-O O-O 9.f3 b5 10.a3 Bb7 11.Qd2 Nbd7 12.Bf2 d5 13.exd5
Nxd5 14.Nxd5 Bxd5 15.Bd3 Ne5 16.Rfe1 Nxd3 17.Qxd3 Bd6 18.Ne2
Rc8 19.Nc3 Bb7 20.Ne4 Bxe4 21.Rxe4 Qc7 22.Rh4 h6 23.c3 Rfd8 24.Qe2
Bc5 25.Re4 Rd7 26.Rd1 Rxd1+ 27.Qxd1 Bxf2+ 28.Kxf2 Qxh2 29.Qd7
Qc7 30.Qxc7 Rxc7 31.Rd4 Kf8 32.Rd6 Ra7 33.Ke3 Ke7 34.Rb6 Kd7
35.Kd4 h5 36.b3 g6 37.f4 Ke7 38.c4 Rd7+ 39.Ke3 bxc4 40.bxc4 Rd6
41.Rb7+ 1/2-1/2

[Event "Êîìàíäíîå ïåð-âî ÐÔ 2012 ã. ïî êëàññè÷åñêèì øàõìàòàì "]
[Site "Ðûáèíñê"]
[Date "2012.08.07"]
[Round "6.11"]
[White "Ìàõìóòîâ Ðàèëü "]
[Black "Áóêàâøèí Èâàí "]
[Result "1/2-1/2"]
[WhiteElo "2391"]
[BlackElo "2498"]
[Annotator ""]
[Source ""]
[Remark ""]

1.d4 Nc6 2.Nf3 d6 3.c4 e5 4.Nc3 Bg4 5.d5 Nce7 6.e4 Nf6 7.Bd3
g6 8.h3 Bxf3 9.Qxf3 Bg7 10.Bc2 c6 11.Bg5 Nd7 12.dxc6 bxc6 13.O-O-O
Nc5 14.Bf6 O-O 15.h4 Ne6 16.Bxg7 Kxg7 17.h5 g5 18.h6+ Kg8 19.c5
Nc8 20.cxd6 Nxd6 21.Ne2 Qe7 22.Qc3 Rab8 23.Qxe5 Nc4 24.Qc3 Nxb2
25.Rd2 Rb5 26.Nd4 Na4 27.Qe3 Rc5 28.Nxe6 fxe6 29.Qd4 Nc3 30.Rh3
Nb5 31.Qg7+ Qxg7 32.hxg7 Rf7 33.e5 Rd5 34.Bxh7+ Kxg7 35.Rxd5
cxd5 36.f3 Nd4 37.Bb1 Ne2+ 38.Kd2 Nf4 39.Rh7+ Kg8 40.Rh6 Kg7
41.Rh7+ Kg8 42.Rh6 Nxg2 43.Rxe6 Rxf3 44.Rg6+ Kf7 45.Rxg5 Rf2+
46.Kc3 Nf4 47.Rg4 Ke6 48.Kd4 Rf3 49.Rg8 Ne2+ 50.Kc5 Rc3+ 51.Kb4
Rc4+ 52.Ka3 Nd4 53.Re8+ Kd7 54.Rh8 Nb5+ 55.Kb2 Rb4+ 56.Kc1 Rf4
57.Bd3 Nd4 58.Kd2 Rf3 59.Rh6 Ne6 60.Bb5+ Ke7 61.Bc6 Nf4 62.Rh7+
Ke6 63.Bxd5+ Nxd5 64.Rxa7 Kxe5 65.Rh7 Ke4 66.Rh4+ Nf4 67.Rh8
Ra3 68.Kc2 Rxa2+ 69.Kb3 Ra7 70.Re8+ Kd4 71.Rd8+ Nd5 72.Rh8 Rb7+
73.Kc2 Ne3+ 74.Kc1 Kc3 75.Rh3 Kd3 76.Rh8 Rc7+ 77.Kb2 Nc4+ 78.Kb3
Rb7+ 79.Ka4 Ne5 80.Rh5 Kd4 81.Rh4+ Kc3 82.Rh3+ Nd3 83.Ka5 Rb1
84.Rg3 Kd4 85.Rg4+ Kd5 86.Rg5+ Ne5 87.Rh5 Kd6 88.Ka4 Rb8 89.Rh6+
Kc5 90.Rh5 Rb4+ 91.Ka3 Re4 92.Kb3 Re3+ 93.Ka4 Re4+ 94.Kb3 Kd4
95.Rh8 Re3+ 96.Ka4 Nc6 97.Kb5 Ne7 98.Rh4+ Kc3 99.Rc4+ Kd3 100.Rh4
Nf5 101.Rh8 Nd4+ 102.Kc5 Re5+ 103.Kd6 Rg5 104.Rh3+ Kc4 105.Rh1
Rg6+ 106.Ke5 Re6+ 107.Kf4 Re2 108.Rh8 Re1 109.Rh7 Kd5 110.Rd7+
Kc5 111.Rc7+ Kd6 112.Rh7 Ne6+ 113.Kg3 Re3+ 114.Kf2 Ra3 115.Ke2
Kd5 116.Kd2 Nd4 117.Rd7+ Kc5 118.Rc7+ Kd6 119.Rh7 Nf3+ 120.Ke2
Ng5 1/2-1/2

[Event "Êîìàíäíîå ïåð-âî ÐÔ 2012 ã. ïî êëàññè÷åñêèì øàõìàòàì "]
[Site "Ðûáèíñê"]
[Date "2012.08.07"]
[Round "6.12"]
[White "Ïðåäêå Àëåêñàíäð "]
[Black "Ôàéçðàõìàíîâ Ðàìèëü "]
[Result "1-0"]
[WhiteElo "2475"]
[BlackElo "2291"]
[Annotator ""]
[Source ""]
[Remark ""]

1.c4 c5 2.Nf3 Nf6 3.Nc3 Nc6 4.d4 cxd4 5.Nxd4 Nxd4 6.Qxd4 d6 7.Bg5
e6 8.g3 Bd7 9.Ne4 Qa5+ 10.Bd2 Qe5 11.Qxe5 dxe5 12.Nxf6+ gxf6
13.Bg2 Bc6 14.Bxc6+ bxc6 15.b4 Bd6 16.e4 Ke7 17.Ke2 f5 18.exf5
exf5 19.b5 a6 20.b6 Rhb8 21.Rab1 a5 22.Be3 f4 23.gxf4 exf4 24.Bd4
c5 25.Bc3 a4 26.Rb5 Kd7 27.Rg1 Kc6 28.Rg7 f3+ 29.Kxf3 Bxh2 30.Rxh7
Bd6 31.Rh6 f6 32.Bxf6 Rf8 33.Kg2 Rae8 34.Bh4 Re4 35.Rxd6+ Kxd6
36.Bg3+ Kc6 37.b7 Rxc4 38.b8Q Rxb8 39.Rxb8 Rc2 40.a3 Ra2 41.Rc8+
Kd5 42.Bh4 1-0

[Event "Êîìàíäíîå ïåð-âî ÐÔ 2012 ã. ïî êëàññè÷åñêèì øàõìàòàì "]
[Site "Ðûáèíñê"]
[Date "2012.08.07"]
[Round "6.13"]
[White "Ñàäûêîâ Ðàìèëü "]
[Black "Ñàíæàåâ Äàðñåí "]
[Result "1-0"]
[WhiteElo "2258"]
[BlackElo "2335"]
[Annotator ""]
[Source ""]
[Remark ""]

1.e4 c5 2.Nf3 e6 3.d4 cxd4 4.Nxd4 Nc6 5.Nc3 Qc7 6.Be3 a6 7.Qf3
Bd6 8.O-O-O Be5 9.Nde2 Nf6 10.Qh3 d5 11.exd5 exd5 12.Qh4 O-O
13.Nd4 Ne7 14.f3 b5 15.Bd3 Ng6 16.Qf2 b4 17.Nce2 a5 18.Kb1 Ba6
19.g3 Rfc8 20.Nc1 a4 21.Qd2 Nd7 22.Bxa6 Rxa6 23.Nd3 b3 24.cxb3
axb3 25.Nxb3 Nb6 26.Bxb6 Qxb6 27.Nb4 Raa8 28.f4 Bd6 29.Nxd5 Qa6
30.Nc3 Bf8 31.Rhe1 Ne7 32.Qe2 Qa7 33.Qe3 Qa6 34.Rd7 Rxc3 35.Qxc3
Qxa2+ 36.Kc2 Qa6 37.Rexe7 Bxe7 38.Rxe7 Rc8 39.Rc7 Rd8 40.Kb1
h6 41.f5 Qf1+ 42.Nc1 Qxf5+ 43.Qc2 Qe6 44.Rc4 g6 45.g4 Qe1 46.Rc8
Rxc8 47.Qxc8+ Kh7 48.Qc4 Qf2 49.b4 Kg8 50.h3 Qg3 51.Qb3 1-0

[Event "Êîìàíäíîå ïåð-âî ÐÔ 2012 ã. ïî êëàññè÷åñêèì øàõìàòàì "]
[Site "Ðûáèíñê"]
[Date "2012.08.07"]
[Round "6.14"]
[White "Ìèðçàåâà Ãóëüíàðà "]
[Black "Áåëîâà Îëüãà "]
[Result "0-1"]
[WhiteElo "1776"]
[BlackElo "2084"]
[Annotator ""]
[Source ""]
[Remark ""]

1.e4 c5 2.Nf3 Nf6 3.Nc3 Nc6 4.d4 d5 5.exd5 Nxd5 6.Nxd5 Qxd5 7.Be3
cxd4 8.Nxd4 a6 9.c3 e5 10.Qb3 Qxb3 11.Nxb3 Be7 12.Nc5 f5 13.f3
O-O 14.Bc4+ Kh8 15.Ne6 Bxe6 16.Bxe6 Rad8 17.Ke2 Rf6 18.Bc4 Rg6
19.Rhg1 Na5 20.Bd3 e4 21.fxe4 fxe4 22.Bc2 Nc4 23.Bd4 Nxb2 24.Raf1
Nc4 25.Rf7 Re8 26.Bxe4 Ba3 27.Kd3 Nb2+ 28.Kc2 Rxe4 29.Kb3 Bd6
30.Kxb2 Kg8 31.Rxb7 Bxh2 32.Rd1 Rxg2+ 33.Kb1 Re8 34.Rb6 a5 35.Ra6
Rb8+ 36.Ka1 Rg5 37.Bb6 Rg6 38.Ba7 Rxa6 39.Bxb8 Bxb8 40.Rd8+ Kf7
41.Rxb8 g5 42.Rb5 Kf6 43.c4 Rc6 44.c5 Ke5 45.Rxa5 Kd5 46.Ra7
h6 47.Kb2 Kxc5 48.Kc3 Kb6+ 0-1

[Event "Êîìàíäíîå ïåð-âî ÐÔ 2012 ã. ïî êëàññè÷åñêèì øàõìàòàì "]
[Site "Ðûáèíñê"]
[Date "2012.08.07"]
[Round "6.21"]
[White "Ñàâèöêèé Ñåðãåé "]
[Black "Åëèñååâ Þðèé "]
[Result "1/2-1/2"]
[WhiteElo "2368"]
[BlackElo "2480"]
[Annotator ""]
[Source ""]
[Remark ""]

1.Nf3 d5 2.g3 Nf6 3.Bg2 c6 4.O-O Bf5 5.d3 h6 6.Nbd2 e6 7.Qe1
Be7 8.e4 Bh7 9.Qe2 O-O 10.Re1 c5 11.exd5 Nxd5 12.Ne5 Qc7 13.Ndc4
Bf6 14.Ng4 Nd7 15.Nxf6+ N7xf6 16.a4 Rad8 17.b3 Nd7 18.Bb2 Bf5
19.Ne3 Nxe3 20.Qxe3 Rfe8 21.a5 Bg6 22.Qf3 Rb8 23.h4 f6 24.a6
b6 25.Qc6 Qxc6 26.Bxc6 Rbd8 27.f4 Re7 28.g4 Kf8 29.h5 Be8 30.Re3
Nb8 31.Bb7 Bc6 32.g5 Kf7 33.Kh2 Rd5 34.Rg1 hxg5 35.fxg5 Bxb7
36.axb7 Rxg5 37.Rxg5 fxg5 38.Rf3+ Kg8 39.Re3 Nc6 40.Kh3 Rxb7
41.Rxe6 Nd4 42.Bxd4 cxd4 43.Rc6 1/2-1/2

[Event "Êîìàíäíîå ïåð-âî ÐÔ 2012 ã. ïî êëàññè÷åñêèì øàõìàòàì "]
[Site "Ðûáèíñê"]
[Date "2012.08.07"]
[Round "6.22"]
[White "Âàâóëèí Ìàêñèì "]
[Black "Ïðàíèçèí Ãåííàäèé "]
[Result "1-0"]
[WhiteElo "2292"]
[BlackElo "2153"]
[Annotator ""]
[Source ""]
[Remark ""]

1.e4 e5 2.Nf3 Nc6 3.Bb5 Nf6 4.O-O Nxe4 5.d4 Nd6 6.Bxc6 dxc6 7.dxe5
Nf5 8.Qxd8+ Kxd8 9.Nc3 h6 10.h3 Bd7 11.b3 a5 12.Bb2 Kc8 13.a4
b6 14.Ne2 c5 15.g4 Ne7 16.Nf4 Bc6 17.Nd2 Nd5 18.Nh5 g6 19.Ng3
Bg7 20.f4 Ne3 21.Rfc1 h5 22.gxh5 gxh5 23.Kf2 h4 24.Ne2 Nf5 25.Rg1
Bh6 26.Nf3 Rd8 27.Rg4 Bxf3 28.Kxf3 Rd2 29.Rc1 Kd7 30.Bc3 Rd5
31.Ke4 Ke6 32.Rcg1 Nd6+ 33.exd6 f5+ 34.Kf3 fxg4+ 35.hxg4 Rxd6
36.Rh1 Rf8 37.Rxh4 Ke7 38.Be5 Re6 39.Rh5 Rf7 40.Ng3 Kd7 41.Nf5
Bf8 42.Ne3 Bd6 43.Nc4 Kc6 44.Ke4 b5 45.axb5+ Kxb5 46.Rh8 Bf8
47.g5 a4 48.f5 Re8 49.f6 Kb4 50.Rh3 a3 51.Kf5 a2 52.Bc3+ Kb5
53.Ne5 Rxe5+ 54.Kxe5 Bd6+ 55.Ke6 Rf8 56.f7 1-0

[Event "Êîìàíäíîå ïåð-âî ÐÔ 2012 ã. ïî êëàññè÷åñêèì øàõìàòàì "]
[Site "Ðûáèíñê"]
[Date "2012.08.07"]
[Round "6.23"]
[White "Îðåõîâ Íèêîëàé "]
[Black "Ñàâåíêîâ Êîíñòàíòèí "]
[Result "1/2-1/2"]
[WhiteElo "2085"]
[BlackElo "2162"]
[Annotator ""]
[Source ""]
[Remark ""]

1.d4 e6 2.c4 Nf6 3.g3 Bb4+ 4.Bd2 Be7 5.Bg2 d5 6.Nf3 O-O 7.O-O
c6 8.Qc2 Nbd7 9.Bf4 b6 10.cxd5 cxd5 11.Nc3 Nh5 12.Bd2 Bb7 13.Rfc1
Nhf6 14.Bf4 Nh5 15.Bd2 Nhf6 16.Bf4 Nh5 17.Bd2 1/2-1/2

[Event "Êîìàíäíîå ïåð-âî ÐÔ 2012 ã. ïî êëàññè÷åñêèì øàõìàòàì "]
[Site "Ðûáèíñê"]
[Date "2012.08.07"]
[Round "6.24"]
[White "Ñåâåðèíà Ìàðèÿ "]
[Black "Ïàâëîâà Íàòàëüÿ "]
[Result "1-0"]
[WhiteElo "2158"]
[BlackElo "1726"]
[Annotator ""]
[Source ""]
[Remark ""]

1.d4 Nf6 2.Nf3 c5 3.d5 b5 4.Bg5 Ne4 5.Bf4 Bb7 6.a4 Qa5+ 7.Nbd2
Nxd2 8.Nxd2 bxa4 9.e4 d6 10.c3 Nd7 11.Rxa4 Qc7 12.Qa1 Bc8 13.Bb5
a5 14.Nb3 g6 15.Rxa5 Rxa5 16.Qxa5 Qb7 17.Qa4 Bg7 18.Na5 Qc7 19.O-O
O-O 20.Nc4 Rd8 21.Qa5 Qxa5 22.Nxa5 Nf6 23.f3 Bd7 24.Nc6 Bxc6
25.Bxc6 Nh5 26.Bg5 Nf6 27.b4 cxb4 28.cxb4 h6 29.Be3 Nd7 30.Ba7
Bc3 31.Rb1 Nb8 32.b5 Kg7 33.Kf2 f5 34.Ke3 Kf6 35.b6 Be5 36.Rb5
Bc3 37.Kd3 Be1 38.b7 f4 39.Bb6 Rf8 40.Rb1 Bh4 41.Ra1 Kf7 42.Ra8 1-0

[Event "Êîìàíäíîå ïåð-âî ÐÔ 2012 ã. ïî êëàññè÷åñêèì øàõìàòàì "]
[Site "Ðûáèíñê"]
[Date "2012.08.07"]
[Round "6.31"]
[White "Þôôà Äàíèèë "]
[Black "Ôåäîñååâ Âëàäèìèð "]
[Result "1/2-1/2"]
[WhiteElo "2354"]
[BlackElo "2498"]
[Annotator ""]
[Source ""]
[Remark ""]

1.d4 d5 2.c4 e6 3.Nf3 Nf6 4.Bg5 Be7 5.e3 h6 6.Bh4 O-O 7.Bd3 c5
8.cxd5 Nxd5 9.Bxe7 Qxe7 10.O-O cxd4 11.Nxd4 b6 12.Nd2 Bb7 13.Qe2
Nb4 14.Be4 N8c6 15.Nxc6 Nxc6 16.Rac1 Rac8 17.a3 Rc7 18.Rc3 Ne5
19.Rxc7 Qxc7 20.Bxb7 Qxb7 21.Nf3 Nxf3+ 22.Qxf3 Qc7 23.h3 Qc2
24.Qb7 Qxb2 25.Qxa7 Rd8 26.a4 Rd5 27.Qb8+ Kh7 28.Qf4 Rf5 29.Qe4
g6 30.Qb1 Qa3 31.Qxb6 Qxa4 32.Qb2 Qe4 33.Qb1 Qa8 34.Qa1 Qe4 35.Qb1
Qh4 36.Qb7 g5 37.Qe7 h5 38.Qd8 Kg7 39.Qe7 Qe4 40.Rc1 Qa8 41.Qc7 1/2-1/2

[Event "Êîìàíäíîå ïåð-âî ÐÔ 2012 ã. ïî êëàññè÷åñêèì øàõìàòàì "]
[Site "Ðûáèíñê"]
[Date "2012.08.07"]
[Round "6.32"]
[White "×èãàåâ Ìàêñèì "]
[Black "Êîòëÿð Êèðèëë "]
[Result "1-0"]
[WhiteElo "2462"]
[BlackElo "2292"]
[Annotator ""]
[Source ""]
[Remark ""]

1.e4 c5 2.Nf3 d6 3.d4 cxd4 4.Qxd4 Nd7 5.Bb5 a6 6.Bxd7+ Bxd7 7.c4
Rc8 8.Nc3 Nf6 9.Bg5 e6 10.O-O h6 11.Bh4 e5 12.Qd3 g5 13.Bg3 Be7
14.Rfd1 Qc7 15.Nd2 Be6 16.b3 b5 17.Nd5 Nxd5 18.exd5 Bd7 19.Rac1
O-O 20.c5 f5 21.c6 Be8 22.f3 Bg6 23.a4 Kh7 24.Bf2 g4 25.axb5
axb5 26.Ra1 Ra8 27.Qxb5 Rfb8 28.Qc4 Bg5 29.Ra4 Qc8 30.Ba7 h5
31.Bxb8 Rxb8 32.fxg4 hxg4 33.Nf1 Qc7 34.Qa6 Kh6 35.Qa7 Bd8 36.Qxc7
Bxc7 37.Nd2 f4 38.Nc4 Bc2 39.Rc1 Bxb3 40.Ra7 Rc8 41.Rb7 Bxc4
42.Rxc4 Ba5 43.Rb5 Bd8 44.Ra4 Kg5 45.Rb7 Kf5 46.Raa7 e4 47.c7
e3 48.h3 Bh4 49.hxg4+ Kxg4 50.Kf1 f3 51.Ra4+ 1-0

[Event "Êîìàíäíîå ïåð-âî ÐÔ 2012 ã. ïî êëàññè÷åñêèì øàõìàòàì "]
[Site "Ðûáèíñê"]
[Date "2012.08.07"]
[Round "6.33"]
[White "Ïîïîâ Ìèõàèë "]
[Black "Êóçüìèí Åãîð "]
[Result "1/2-1/2"]
[WhiteElo "2186"]
[BlackElo "1134"]
[Annotator ""]
[Source ""]
[Remark ""]

1.c4 Nf6 2.g3 e6 3.Bg2 d5 4.Nf3 Be7 5.O-O O-O 6.Qc2 b6 7.d4 c5
8.dxc5 Bxc5 9.Nc3 Bb7 10.cxd5 Nxd5 11.Nxd5 Qxd5 12.Bd2 Na6 13.a3
Rac8 14.Bc3 Rfd8 15.Rfd1 Qe4 16.Qxe4 Bxe4 17.Ne5 Bxg2 18.Kxg2
Rxd1 19.Rxd1 f6 20.Nf3 Be7 21.Rd7 Rc7 22.Rxc7 Nxc7 23.Nd4 Bc5
24.Nc6 a6 25.b4 Bd6 26.e4 e5 27.Bd2 Ne6 28.Be3 b5 29.Bb6 Kf7
30.Nd8+ Nxd8 31.Bxd8 Ke6 32.Bb6 Kd7 33.Kf3 Kc6 34.Bd8 Kd7 35.Bb6
Kc6 36.Be3 Kd7 37.Kg4 Ke6 38.f4 g6 39.Kf3 f5 40.Bb6 fxe4+ 41.Kxe4
exf4 42.gxf4 Be7 43.Bd4 h5 44.h3 Bf6 45.Bxf6 Kxf6 46.Ke3 Ke7
47.Kd4 Kd6 48.Ke4 Ke6 49.Kd4 Kf5 50.Ke3 Kf6 1/2-1/2

[Event "Êîìàíäíîå ïåð-âî ÐÔ 2012 ã. ïî êëàññè÷åñêèì øàõìàòàì "]
[Site "Ðûáèíñê"]
[Date "2012.08.07"]
[Round "6.34"]
[White "Ôåäîñååâà Âàëåíòèíà "]
[Black "Ñàçîíîâà Àíàñòàñèÿ "]
[Result "0-1"]
[WhiteElo "1957"]
[BlackElo "1993"]
[Annotator ""]
[Source ""]
[Remark ""]

1.d4 Nf6 2.Bg5 Ne4 3.Bf4 d6 4.f3 Nf6 5.e4 g6 6.Bc4 Bg7 7.Nc3
O-O 8.Qd2 Nc6 9.O-O-O a6 10.Bh6 b5 11.Bxg7 Kxg7 12.Bb3 Na5 13.h4
Nxb3+ 14.cxb3 h5 15.Nh3 b4 16.Ne2 a5 17.Nhf4 Ba6 18.Kb1 e5 19.Nd3
Qe7 20.Qg5 a4 21.Ng3 Bxd3+ 22.Rxd3 Kh7 23.bxa4 Rxa4 24.Ne2 Rfa8
25.Nc1 exd4 26.Rxd4 Qe6 27.Rd2 c5 28.Rhd1 Rxa2 29.Nxa2 Qxa2+
30.Kc2 Qc4+ 31.Kb1 b3 32.Rf2 Nxe4 33.fxe4 Qxe4+ 34.Kc1 Ra1+ 35.Kd2
Qd4+ 36.Ke2 Qxd1+ 37.Ke3 Qd4+ 38.Kf3 Qd3+ 39.Qe3 Qxe3+ 40.Kxe3
Kg7 41.Kd2 Ra4 42.Kc3 Rxh4 43.Kxb3 Rd4 44.Kc3 f5 0-1

[Event "Êîìàíäíîå ïåð-âî ÐÔ 2012 ã. ïî êëàññè÷åñêèì øàõìàòàì "]
[Site "Ðûáèíñê"]
[Date "2012.08.07"]
[Round "6.41"]
[White "Áîÿðñêèé Àëåêñàíäð "]
[Black "Ñòóêîïèí Àíäðåé "]
[Result "0-1"]
[WhiteElo "2210"]
[BlackElo "2503"]
[Annotator ""]
[Source ""]
[Remark ""]

1.e4 e5 2.Nf3 Nc6 3.Bb5 a6 4.Bxc6 dxc6 5.O-O f6 6.d4 exd4 7.Nxd4
c5 8.Nb3 Qxd1 9.Rxd1 Bd7 10.Be3 b6 11.Nc3 O-O-O 12.Bf4 Ne7 13.Rd2
Ng6 14.Bg3 c4 15.Nd4 Bb4 16.Nde2 Bc6 17.Rad1 Rxd2 18.Rxd2 Bxe4
19.Nxe4 Bxd2 20.Nxd2 Rd8 21.Nf1 Rd1 22.f4 Ra1 23.a3 Rb1 24.Kf2
Rxb2 25.Ne3 Ra2 26.Ke1 b5 27.Kd2 Ne7 28.Nd4 Kd7 29.f5 Rxa3 30.Bf2
Ra1 31.Ne6 a5 32.Nxg7 a4 33.Ng4 Nd5 34.Bd4 Rb1 35.Bxf6 a3 0-1

[Event "Êîìàíäíîå ïåð-âî ÐÔ 2012 ã. ïî êëàññè÷åñêèì øàõìàòàì "]
[Site "Ðûáèíñê"]
[Date "2012.08.07"]
[Round "6.42"]
[White "Òèëè÷ååâ Âÿ÷åñëàâ "]
[Black "Ñóòîðìèí Äàíèëà "]
[Result "1-0"]
[WhiteElo "2416"]
[BlackElo "2224"]
[Annotator ""]
[Source ""]
[Remark ""]

1.e4 c5 2.Nf3 e6 3.b3 d6 4.Bb2 e5 5.c3 Nc6 6.d4 Bg4 7.h3 Bxf3
8.Qxf3 cxd4 9.cxd4 exd4 10.Bc4 Qa5+ 11.Nd2 Nf6 12.Qe2 Be7 13.O-O
O-O 14.Nf3 Rae8 15.Nxd4 d5 16.exd5 Ba3 17.Ne6 Bxb2 18.Qxb2 fxe6
19.dxc6 bxc6 20.Rfe1 Nd5 21.Re5 Rf6 22.Rae1 Qb6 23.Bxd5 cxd5
24.Rxd5 Rxf2 25.Qxf2 Qxf2+ 26.Kxf2 Rf8+ 27.Ke3 exd5 28.Re2 a5
29.Kd4 a4 30.Kxd5 axb3 31.axb3 Rb8 32.Kc4 Rc8+ 33.Kd3 Rd8+ 34.Kc2
Rc8+ 35.Kb2 Rb8 36.Re4 Kf7 37.b4 Kf6 38.Kb3 h6 39.Re2 Kf5 40.Kc4
g5 41.b5 Rd8 42.b6 1-0

[Event "Êîìàíäíîå ïåð-âî ÐÔ 2012 ã. ïî êëàññè÷åñêèì øàõìàòàì "]
[Site "Ðûáèíñê"]
[Date "2012.08.07"]
[Round "6.43"]
[White "Âàñèëåíêî Àðòåì "]
[Black "Çàñüêî Ãðèãîðèé "]
[Result "0-1"]
[WhiteElo "2135"]
[BlackElo "2120"]
[Annotator ""]
[Source ""]
[Remark ""]

1.d4 d5 2.c4 c6 3.Nc3 Nf6 4.Nf3 dxc4 5.a4 Bf5 6.e3 e6 7.Bxc4
Bb4 8.O-O O-O 9.Qb3 Qe7 10.Ne5 a5 11.Bd3 Bxd3 12.Nxd3 Na6 13.Nxb4
axb4 14.Ne2 Rfd8 15.Ng3 c5 16.dxc5 Qxc5 17.e4 Rac8 18.Be3 Qc2
19.Qxc2 Rxc2 20.Rfd1 Rxd1+ 21.Rxd1 h6 22.Bd4 b3 23.h3 Rc4 24.a5
Kf8 25.Be5 Nc5 26.Bd6+ Ke8 27.Bxc5 Rxc5 28.Rd3 Rb5 29.f3 Nd7
30.Ne2 Nc5 31.Re3 Kd7 32.Nc1 Kc6 33.Rc3 Kd6 34.Kf2 Na4 35.Rd3+
Kc5 36.Rd2 Kc4 37.Ke3 e5 38.Nd3 Rxa5 39.Rd1 Kb5 40.Rc1 Kb6 41.Rc3
Nxc3 0-1

[Event "Êîìàíäíîå ïåð-âî ÐÔ 2012 ã. ïî êëàññè÷åñêèì øàõìàòàì "]
[Site "Ðûáèíñê"]
[Date "2012.08.07"]
[Round "6.44"]
[White "Ìîðîçîâà Þëèÿ "]
[Black "×õàíü Âèêòîðèÿ "]
[Result "1/2-1/2"]
[WhiteElo "1902"]
[BlackElo "2058"]
[Annotator ""]
[Source ""]
[Remark ""]

1.e4 e6 2.d4 d5 3.Nc3 Nf6 4.Bg5 Bb4 5.e5 h6 6.Bh4 g5 7.Bg3 Ne4
8.Nge2 c5 9.a3 Ba5 10.dxc5 Bxc3+ 11.Nxc3 Nxc3 12.bxc3 Qa5 13.Qd2
Nd7 14.f3 Nxc5 15.c4 Qxd2+ 16.Kxd2 Bd7 17.Bf2 Rc8 18.h4 g4 19.Bd4
Ba4 20.Rb1 b6 21.h5 Nb7 22.fxg4 dxc4 23.Rb4 b5 24.Bxa7 Na5 25.Be3
Nc6 26.Rb1 Rg8 27.Bxh6 Nxe5 28.Bf4 Nxg4 29.h6 f6 30.h7 Rh8 31.Rh4
Rd8+ 32.Kc3 Nf2 33.Be2 Ne4+ 34.Kb2 Ke7 35.g4 Ng5 36.Rbh1 Nf7
37.Bf3 Rc8 38.Rh5 c3+ 39.Kc1 Rcf8 40.Be3 Rc8 41.Be2 e5 42.Bd3
b4 43.axb4 Bc6 44.R1h2 Ra8 45.Kb1 Ra4 46.Bc5+ Kd7 47.Bf5+ Kc7
48.R5h3 Rha8 49.Rxc3 Ra1+ 50.Kb2 R8a2+ 51.Kb3 Bd5+ 52.Rc4 Ra3+
53.Kb2 Bxc4 54.h8Q Nxh8 55.Rxh8 R1a2+ 56.Kc1 Bd5 1/2-1/2

[Event "Êîìàíäíîå ïåð-âî ÐÔ 2012 ã. ïî êëàññè÷åñêèì øàõìàòàì "]
[Site "Ðûáèíñê"]
[Date "2012.08.07"]
[Round "6.51"]
[White "Ìàðòûíîâ Ïàâåë "]
[Black "Ïàñèåâ Ðàõèì "]
[Result "0-1"]
[WhiteElo "2289"]
[BlackElo "2325"]
[Annotator ""]
[Source ""]
[Remark ""]

1.d4 d6 2.e4 c6 3.Nf3 g6 4.c4 Bg7 5.Nc3 Bg4 6.Be2 Bxf3 7.Bxf3
Qb6 8.d5 Qb4 9.Be2 Bxc3+ 10.bxc3 Qxc3+ 11.Bd2 Qe5 12.O-O Nf6
13.Qb3 Nbd7 14.Bc3 Qf4 15.Qxb7 O-O 16.Bxf6 Nxf6 17.dxc6 Nxe4
18.c7 Nc5 19.Qc6 Rac8 20.Rab1 Ne6 21.Qa6 Rxc7 22.Rfe1 Rfc8 23.Bf1
Nc5 24.Qa5 Qf6 25.h3 Nd7 26.Qa6 Nb6 27.a4 Nd7 28.Re3 Nc5 29.Qa5
Ne6 30.Qa6 Qd4 31.Rb7 Nc5 32.Rxc7 Rxc7 33.Qa5 Rb7 34.Qd8+ Kg7
35.Rxe7 Rxe7 36.Qxe7 Ne4 37.Qh4 g5 0-1

[Event "Êîìàíäíîå ïåð-âî ÐÔ 2012 ã. ïî êëàññè÷åñêèì øàõìàòàì "]
[Site "Ðûáèíñê"]
[Date "2012.08.07"]
[Round "6.52"]
[White "Êîð÷ìàðü Âàñèëèé "]
[Black "Ìàðêåâè÷ Èëüÿ "]
[Result "1-0"]
[WhiteElo "2234"]
[BlackElo "2210"]
[Annotator ""]
[Source ""]
[Remark ""]

1.e4 c5 2.Nf3 e6 3.d4 cxd4 4.Nxd4 Nc6 5.Nc3 Qc7 6.g3 a6 7.Bg2
Nf6 8.O-O Bb4 9.Nde2 Be7 10.h3 O-O 11.g4 d6 12.a4 b6 13.Ng3 Bb7
14.g5 Nd7 15.f4 b5 16.b3 Nb4 17.Bb2 Rfc8 18.Kh1 Qb6 19.Rc1 Rc7
20.f5 Qe3 21.Nce2 Qxg5 22.Rf4 h5 23.Ba3 e5 24.Rf1 a5 25.c3 Na6
26.Bxd6 Bxd6 27.Qxd6 bxa4 28.f6 Nxf6 29.Rf5 Qh6 30.Qxe5 axb3
31.Rcf1 Re8 32.Qb5 Ree7 33.Rxf6 gxf6 34.Nf5 Qd2 35.Nxe7+ Rxe7
36.Nd4 Bc8 37.Qxb3 Qe3 38.Qd5 Bd7 39.Qa8+ Re8 40.Qxa6 Bxh3 41.Qxf6
Bxg2+ 42.Kxg2 Qxe4+ 43.Rf3 Re7 44.Kh2 Qe5+ 45.Rg3+ Kh7 46.Qh4
Rb7 47.Qg5 Rb2+ 48.Kh3 Qxg5 49.Rxg5 Rd2 50.Rxh5+ Kg6 51.Rc5 a4
52.Kg4 a3 53.Ra5 a2 54.Kf4 Rd3 55.Ne2 f5 56.Ra6+ Kg7 57.Rxa2 1-0

[Event "Êîìàíäíîå ïåð-âî ÐÔ 2012 ã. ïî êëàññè÷åñêèì øàõìàòàì "]
[Site "Ðûáèíñê"]
[Date "2012.08.07"]
[Round "6.53"]
[White "Ãàíè÷åâ Àëåêñàíäð"]
[Black "Åðàìÿí Ãàìëåò "]
[Result "1-0"]
[WhiteElo "2122"]
[BlackElo "2070"]
[Annotator ""]
[Source ""]
[Remark ""]

1.e4 c5 2.Nf3 g6 3.d4 cxd4 4.Nxd4 Bg7 5.c4 Nc6 6.Nc2 Nf6 7.Nc3
O-O 8.Be2 d6 9.O-O Nd7 10.Bd2 a5 11.Qc1 Nc5 12.Bh6 b6 13.Bxg7
Kxg7 14.b3 Bb7 15.Qb2 Kg8 16.Rad1 Qb8 17.Nd5 Qd8 18.f3 f6 19.Rfe1
e6 20.Nc3 Qe7 21.a3 Rfd8 22.f4 Na7 23.Bf3 e5 24.Ne3 exf4 25.Ng4
Kg7 26.Nd5 Bxd5 27.exd5 Qf7 28.Nxf6 Kf8 29.Bg4 Qg7 30.Be6 g5
31.Nxh7+ 1-0

[Event "Êîìàíäíîå ïåð-âî ÐÔ 2012 ã. ïî êëàññè÷åñêèì øàõìàòàì "]
[Site "Ðûáèíñê"]
[Date "2012.08.07"]
[Round "6.54"]
[White "Òîìíèêîâà Ëèäèÿ "]
[Black "Ëåæåïåêîâà Âåðîíèêà "]
[Result "1/2-1/2"]
[WhiteElo "2068"]
[BlackElo "2124"]
[Annotator ""]
[Source ""]
[Remark ""]

1.e4 d6 2.d4 Nf6 3.Nc3 g6 4.Be3 a6 5.Bd3 b5 6.Qd2 Bb7 7.f3 Nbd7
8.a4 b4 9.Nce2 c5 10.Nh3 Qc7 11.b3 d5 12.Bf4 Qc8 13.e5 Nh5 14.e6
fxe6 15.Ng5 c4 16.bxc4 dxc4 17.Nxe6 Nxf4 18.Qxf4 cxd3 19.Nc7+
Kd8 20.Ne6+ Ke8 21.Nc7+ Kd8 22.Ne6+ Ke8 23.Nc7+ Kd8 24.Ne6+ Ke8 1/2-1/2

[Event "Êîìàíäíîå ïåð-âî ÐÔ 2012 ã. ïî êëàññè÷åñêèì øàõìàòàì "]
[Site "Ðûáèíñê"]
[Date "2012.08.07"]
[Round "6.61"]
[White "Þäèí Èâàí "]
[Black "Ãîðáóøèí Ìàêñèì "]
[Result "0-1"]
[WhiteElo "2268"]
[BlackElo "2200"]
[Annotator ""]
[Source ""]
[Remark ""]

1.d4 Nf6 2.c4 g6 3.Nf3 Bg7 4.Nc3 O-O 5.e4 d6 6.Be2 e5 7.O-O Nc6
8.d5 Ne7 9.b4 Nh5 10.Re1 h6 11.c5 f5 12.Nd2 Nf6 13.f3 f4 14.Nc4
g5 15.Ba3 Ng6 16.b5 Ne8 17.b6 axb6 18.cxb6 cxb6 19.Qb3 Rf7 20.Rab1
g4 21.fxg4 Qh4 22.Qd1 Bf8 23.Rb3 Nf6 24.h3 b5 25.Nd2 Rxa3 26.Rxa3
b4 27.Ra8 bxc3 28.Nf3 Qg3 29.Rxc8 Nxe4 30.Rf1 Ng5 31.Nxg5 Nh4
32.Rf2 hxg5 33.Qd3 f3 34.Bd1 Rf4 35.Rxc3 e4 36.Qd2 Nxg2 37.Rxg2
f2+ 38.Qxf2 Qxc3 39.Qe2 Bg7 40.Qd2 Qxh3 41.Be2 Bc3 42.Qd1 Qe3+
43.Kh1 Be5 44.Qa4 Qh3+ 45.Kg1 Qe3+ 46.Kh1 Rf8 47.Qc4 Bd4 48.Kh2
Qf4+ 49.Kh1 Qe3 50.Kh2 Be5+ 51.Kh1 Kg7 0-1